000 00690 a2200217 4500
003 CBULib
005 20231127083827.0
008 231127b |||||||| |||| 00| 0 eng d
020 _a9781909116948
040 _bEnglish
_cCBULib
_erda
050 _aeng
100 _aJohnson, Gene
245 _aThe authority guide to performance management : how to build a culture of excellence in the workplace
_c/ by Gene Johnson
260 _bAuthority Guides,
_c1988
300 _ax, 85 pages : illustrations
336 _2rdacontent
_aText |
_btxt
337 _2rdamedia
_aUnmediated |
_bn
338 _2rdacarrier
_aVolume
_bnc
650 0 _91168
_aPERFORMANCE -- MANAGEMENT
942 _2lcc
_c002
999 _c83057
_d83057